000 00538nam a2200169 i 4500
001 40990
003 ES-MaACL
005 20230906160344.0
007 t|
008 030307s1970 sp ||||1| spa d
100 1 _aCarpenter, E. M.
_935433
245 1 0 _aManual para la divulgación en comercialización agraria /
_cE. M. Carpenter.
260 _aMadrid :
_bCapacitación Agraria,
_c1970.
300 _a78 p. ;
_c24 cm.
710 2 _aEspaña.
_bDirección General de Capacitación Agraria.
_93712
852 _aES-MaACL
_jC-41732
_bR.73169
999 _c40990
_d40990